Prediche del Rev. Primo Maestro. (Record n. 37553)
[ formato base ]
| 000 -LEADER | |
|---|---|
| fixed length control field | 03256nam a22001937a 4500 |
| 003 - CONTROL NUMBER IDENTIFIER | |
| control field | IT-RoPau |
| 005 - DATE AND TIME OF LATEST TRANSACTION | |
| control field | 20220918175935.0 |
| 008 - FIXED-LENGTH DATA ELEMENTS--GENERAL INFORMATION | |
| fixed length control field | 121123b xxu||||| |||| 00| 0 eng d |
| 040 ## - CATALOGING SOURCE | |
| Transcribing agency | IT-RoPau |
| 100 ## - MAIN ENTRY--PERSONAL NAME | |
| Personal name | Alberione Giacomo |
| Fuller form of name | Fondatore Famiglia Paolina |
| 9 (RLIN) | 19 |
| 245 ## - TITLE STATEMENT | |
| Title | Prediche del Rev. Primo Maestro. |
| Remainder of title | Gennaio - Dicembre 1955. Edizioni Paoline |
| 250 ## - EDITION STATEMENT | |
| Edition statement | 1 |
| 260 ## - PUBLICATION, DISTRIBUTION, ETC. (IMPRINT) | |
| Place of publication, distribution, etc. | Roma |
| Name of publisher, distributor, etc. | FSP |
| Date of publication, distribution, etc. | 1958 |
| 300 ## - PHYSICAL DESCRIPTION | |
| Extent | 215 p. |
| Dimensions | 17 cm |
| 490 ## - SERIES STATEMENT | |
| Series statement | Edizioni Paoline |
| Volume/sequential designation | 1 |
| 500 ## - GENERAL NOTE | |
| General note | Prediche del Primo Maestro |
| 520 ## - SUMMARY, ETC. | |
| Summary, etc. | Indice<br/>Conoscere,imitare,pregare il Divino Maestro pag. 5<br/>I nostri doni al Maestro Bambino >> 11<br/>Maria Mediatrice e Distributrice di grazia >> 18<br/>7.o anniversario della morte di M.Giaccardo >> 24<br/>Vestizione religiosa >> 28<br/>Conversione di S. Paolo >> 31<br/>La preghiera (I) >> 38<br/>La preghiera (II) >> 46<br/>La nostra missione - La Libreria >> 53<br/>La propaganda collettiva (I) >> 60<br/>La propaganda collettiva (II) >> 69<br/>Il sacco del diavolo >> 77<br/>Festa di S. Giuseppe >> 82<br/>Ora di adorazione - Mercoledì Santo >> 87<br/>Giovedì Santo >> 96<br/>Venerdì Santo >> 101<br/>Pasqua di Risurrezione >> 104<br/>La nostra santificazione >> 109<br/>Noviziato : Vita di perfezione >> 113<br/>Fortezza >> 117<br/>Stabilirsi in Dio >> 121<br/>Vita comune >> 126<br/>Il Maestro e le Maestre >> 131<br/>Il Paradiso >> 136<br/>La preghiera >> 139<br/>Stato di preghiera >> 143<br/>Difficoltà agli inizi di una nuova casa (I) >> 145<br/>Difficoltà agli inizi di una nuova casa (II) >> 149<br/>Ora di adorazione >> 153<br/>Domenica fra l' ottava del Corpus Domini >> 159<br/>Divisa delle Figlie di San Paolo: la carità >> 164<br/>Condizioni per il vero progresso >> 169<br/>Il Papa è Via, Verità e Vita >> 178<br/>Vestizione >> 189<br/>Il Peccato >> 193<br/>Esame di coscienza >> 201<br/>Maria è la nostra maestra spirituale >> 208 |
| 942 ## - ADDED ENTRY ELEMENTS (KOHA) | |
| Source of classification or shelving scheme | Dewey Decimal Classification |
| Koha item type | LIBRO |
| Withdrawn status | Lost status | Source of classification or shelving scheme | Damaged status | Not for loan | Home library | Current library | Date acquired | Total Checkouts | Full call number | Date last seen | Price effective from | Koha item type |
|---|---|---|---|---|---|---|---|---|---|---|---|---|
| Dewey Decimal Classification | Buone Condizioni | Not For Loan | PAULUS-BIBLIOTECA | PAULUS-BIBLIOTECA | 23/11/2012 | PA3 | 23/11/2012 | 23/11/2012 | LIBRO |